[Event "NSU Open Mesterklassen 2003"]
[Site "Hillerod"]
[Date "2003.01.05"]
[Round "4"]
[White "Nicolaisen, Erik"]
[Black "Jacobsen, Hans Endrup"]
[Result "1/2-1/2"]
[WhiteElo "1949"]
[BlackElo "1941"]
[PlyCount "98"]
[EventDate "2003.??.??"]

1. e4 c5 2. c3 d5 3. exd5 Qxd5 4. d4 Nc6 5. Nf3 Nf6 6. Be2 e6 7. O-O Be7 8. c4
Qd8 9. dxc5 O-O 10. Nc3 Bxc5 11. Bg5 Nd4 12. Bd3 h6 13. Bh4 Nf5 14. Bxf5 exf5
15. Qxd8 Rxd8 16. Bxf6 gxf6 17. Nd5 Kg7 18. Rad1 Be6 19. Rd3 b5 20. b3 bxc4 21.
bxc4 Rab8 22. Rfd1 Rb2 23. R3d2 Rdb8 24. g3 f4 25. Kg2 fxg3 26. hxg3 Bg4 27.
Ne3 Be6 28. Nd5 a5 29. Rxb2 Rxb2 30. Rd2 Rb1 31. Nd4 Rc1 32. Rc2 Rxc2 33. Nxc2
Kg6 34. Nce3 f5 35. Kf3 a4 36. Ke2 a3 37. Kd3 Kg5 38. f4+ Kg6 39. Ke2 h5 40.
Kf3 Bc8 41. Ke2 Ba6 42. Nc7 Bb7 43. Ned5 Bc6 44. Nb5 f6 45. Kd3 Kf7 46. Nd4 Bd7
47. Ne3 Kg6 48. Nb3 Ba7 49. Nd4 Bc5 1/2-1/2

[Event "NSU Open Mesterklassen 2003"]
[Site "Hillerod"]
[Date "2003.01.05"]
[Round "4"]
[White "Noer, Martin Stampe"]
[Black "Bogdanov, Dimitri"]
[Result "1/2-1/2"]
[WhiteElo "1847"]
[BlackElo "2075"]
[PlyCount "80"]
[EventDate "2003.??.??"]

1. d4 g6 2. Nf3 Bg7 3. c3 d6 4. Bf4 Nf6 5. Nbd2 O-O 6. e3 c5 7. Bc4 Nc6 8. O-O
a6 9. a4 b6 10. Re1 Bb7 11. h3 Nd7 12. Qc2 Rc8 13. Qd3 Ndb8 14. Rad1 Qd7 15.
Bd5 cxd4 16. exd4 Nb4 17. cxb4 Bxd5 18. b3 Qb7 19. b5 Rc7 20. Rc1 Rfc8 21. Rxc7
Rxc7 22. Ne4 Qc8 23. bxa6 Nxa6 24. Qb5 Bxe4 25. Rxe4 Qf5 26. Qxf5 gxf5 27. Re1
Nb4 28. Rc1 Rc6 29. Be3 d5 30. Kf1 h5 31. Ke2 Rg6 32. g3 Re6 33. Kd2 Bf6 34. h4
Nc6 35. Kd3 Na5 36. Nd2 Rd6 37. Bf4 Rc6 38. Rxc6 Nxc6 39. Nf3 e6 40. Ne5 Na5
1/2-1/2

[Event "NSU Open Mesterklassen 2003"]
[Site "Hillerod"]
[Date "2003.01.05"]
[Round "4"]
[White "Borg, Flemming"]
[Black "Danielsen, Heini"]
[Result "0-1"]
[WhiteElo "1885"]
[BlackElo "2116"]
[PlyCount "86"]
[EventDate "2003.??.??"]

1. e4 c5 2. c3 d5 3. exd5 Qxd5 4. d4 Nf6 5. Nf3 Bg4 6. Be2 e6 7. O-O Nc6 8. Be3
cxd4 9. cxd4 Rc8 10. Qa4 Be7 11. Nc3 Qd6 12. h3 Bh5 13. Rac1 O-O 14. a3 Rfd8
15. Rfd1 a6 16. Rd2 Nd5 17. Nxd5 Qxd5 18. Qd1 Qa5 19. Rc3 Bg6 20. b4 Qc7 21.
Ne5 Be4 22. Bf3 Bxf3 23. Nxf3 Bf6 24. Bg5 Bxg5 25. Nxg5 Qf4 26. Nf3 Qe4 27. Qc2
Qxc2 28. Rdxc2 Ra8 29. Rd2 Rd5 30. Rc5 Rad8 31. Rxd5 Rxd5 32. Kf1 Kf8 33. Ke2
Ke7 34. Ke3 Kd6 35. Rc2 a5 36. bxa5 Rxa5 37. Rc3 f6 38. Rb3 b5 39. Nd2 Kd5 40.
Ne4 Nxd4 41. Rd3 Rxa3 42. Nc3+ Kc4 43. Kd2 b4 0-1

[Event "NSU Open Mesterklassen 2003"]
[Site "Hillerod"]
[Date "2003.01.05"]
[Round "4"]
[White "Christiansen, Erling Molbaek"]
[Black "Rathlev, Jakob"]
[Result "0-1"]
[WhiteElo "1868"]
[BlackElo "2095"]
[PlyCount "58"]
[EventDate "2003.??.??"]

1. e4 c5 2. Nc3 e6 3. e5 Nc6 4. f4 d6 5. Nf3 a6 6. a4 Qc7 7. exd6 Bxd6 8. g3
Nf6 9. Bg2 O-O 10. O-O b6 11. b3 Bb7 12. Bb2 Rad8 13. d3 c4 14. bxc4 Bc5+ 15.
Kh1 Ng4 16. Qe2 Ne3 17. Rf2 Nxg2 18. Rxg2 Nd4 19. Nxd4 Bxd4 20. Rb1 Bxg2+ 21.
Qxg2 Qd7 22. Ra1 Rb8 23. h4 Rfc8 24. Qd2 b5 25. axb5 axb5 26. cxb5 Bxc3 27.
Bxc3 Rxb5 28. Ra5 Rb1+ 29. Kh2 Qc6 0-1

[Event "NSU Open Mesterklassen 2003"]
[Site "Hillerod"]
[Date "2003.01.05"]
[Round "4"]
[White "Stockflet, Henrik"]
[Black "Brandt, Klaus Peter"]
[Result "1-0"]
[WhiteElo "1877"]
[BlackElo "1873"]
[PlyCount "57"]
[EventDate "2003.??.??"]

1. e4 e6 2. d4 d5 3. e5 c5 4. Nf3 cxd4 5. Bd3 Nc6 6. O-O Bc5 7. Re1 Bd7 8. a3
Qc7 9. Bf4 O-O-O 10. b4 Bb6 11. Nbd2 h6 12. h4 Nge7 13. Nb3 f6 14. Bh2 f5 15.
Qd2 Rdg8 16. a4 Qd8 17. a5 Bc7 18. b5 Nb8 19. Nc5 b6 20. axb6 Bxb6 21. Qb4 g5
22. h5 f4 23. Nxd4 Qf8 24. Ra3 Nec6 25. bxc6 Bxc5 26. cxd7+ Nxd7 27. Rc3 g4 28.
Nxe6 Qf7 29. Ba6# 1-0

[Event "NSU Open Mesterklassen 2003"]
[Site "Hillerod"]
[Date "2003.01.05"]
[Round "5"]
[White "Nielsen, Nicholas Roland"]
[Black "Christiansen, Erling Molbaek"]
[Result "1-0"]
[WhiteElo "2029"]
[BlackElo "1868"]
[PlyCount "71"]
[EventDate "2003.??.??"]

1. e4 e5 2. Nc3 Bc5 3. f4 d6 4. Nf3 Bg4 5. Bc4 c6 6. fxe5 dxe5 7. Bxf7+ Ke7 8.
Na4 Bb6 9. Nxb6 Qxb6 10. Bb3 Nf6 11. d3 Nbd7 12. h3 Bxf3 13. Qxf3 Rae8 14. Be3
Qa5+ 15. Bd2 Qb6 16. Qe3 c5 17. O-O-O Kd8 18. g4 Rhf8 19. Qe2 Kc8 20. g5 Ng8
21. Qg4 Qd6 22. Rhf1 Qe7 23. Bc3 Kc7 24. Ba4 Rxf1 25. Rxf1 Rd8 26. Bxd7 Rxd7
27. Rf5 b6 28. Bxe5+ Kb7 29. Rf8 h5 30. Qf5 g6 31. Qf4 Qe6 32. b3 Ne7 33. Qf6
Qxh3 34. Rb8+ Ka6 35. Re8 Qe3+ 36. Kb2 1-0

[Event "NSU Open Mesterklassen 2003"]
[Site "Hillerod"]
[Date "2003.01.05"]
[Round "5"]
[White "Noer, Martin Stampe"]
[Black "Andersen, Rune"]
[Result "0-1"]
[WhiteElo "1847"]
[BlackElo "1957"]
[PlyCount "57"]
[EventDate "2003.??.??"]

1. d4 d5 2. Bg5 Nf6 3. Bxf6 exf6 4. e3 Bd6 5. c4 dxc4 6. Bxc4 O-O 7. Nc3 c6 8.
Qh5 Be6 9. Bd3 g6 10. Qf3 Nd7 11. Nge2 Qa5 12. h4 h5 13. e4 b5 14. O-O Bg4 15.
Qe3 b4 16. Nd1 Kg7 17. Nf4 c5 18. d5 c4 19. Bxc4 Qc7 20. Nxh5+ Bxh5 21. Bb5 Bc5
22. Qd2 Ne5 23. Rc1 Ng4 24. d6 Qb6 25. Qd5 Rac8 26. d7 Bxf2+ 27. Nxf2 Rxc1 28.
Qd2 Rxf1+ 29. Kxf1 0-1

[Event "NSU Open Mesterklassen 2003"]
[Site "Hillerod"]
[Date "2003.01.05"]
[Round "5"]
[White "Damm, Kasper Wilken"]
[Black "Jacobsen, Hans Endrup"]
[Result "1-0"]
[WhiteElo "2093"]
[BlackElo "1941"]
[PlyCount "55"]
[EventDate "2003.??.??"]

1. e4 c5 2. Nf3 d6 3. d4 cxd4 4. Nxd4 Nf6 5. Nc3 a6 6. f4 Qc7 7. Bd3 b5 8. O-O
Bb7 9. Qe1 Qb6 10. Be3 Ng4 11. Nd5 Bxd5 12. exd5 Nd7 13. a4 b4 14. Bf5 Nxe3 15.
Bxd7+ Kxd7 16. Qxe3 Qc5 17. Rad1 Qxd5 18. Nf3 Qb7 19. Qb3 e6 20. f5 Re8 21. Kh1
Kc8 22. fxe6 Rxe6 23. Rd5 Be7 24. Nd4 Re5 25. Nf5 Rd8 26. c3 Bf8 27. Rd4 Re2
28. Qc4+ 1-0

[Event "NSU Open Mesterklassen 2003"]
[Site "Hillerod"]
[Date "2003.01.05"]
[Round "5"]
[White "Schmidt, Tommy B"]
[Black "Rathlev, Jakob"]
[Result "1-0"]
[WhiteElo "2066"]
[BlackElo "2095"]
[PlyCount "55"]
[EventDate "2003.??.??"]

1. d4 f5 2. Bg5 Nf6 3. Nd2 d5 4. Bxf6 exf6 5. e3 c6 6. Bd3 Bd6 7. Qf3 g6 8. Ne2
Be6 9. h3 Nd7 10. g4 fxg4 11. hxg4 Bf7 12. Nf4 Nf8 13. O-O-O Qa5 14. Nh5 gxh5
15. Qxf6 Bg6 16. Bxg6+ Nxg6 17. Qxd6 h4 18. f4 Qd8 19. Qe6+ Qe7 20. Qxe7+ Kxe7
21. Nf3 h5 22. g5 Ke6 23. Nxh4 Ne7 24. Rd2 Nf5 25. Nxf5 Kxf5 26. Rdh2 Kg4 27.
Rh4+ Kf3 28. Kd2 1-0

[Event "NSU Open Mesterklassen 2003"]
[Site "Hillerod"]
[Date "2003.01.05"]
[Round "5"]
[White "Brandt, Klaus Peter"]
[Black "Bogdanov, Dimitri"]
[Result "0-1"]
[WhiteElo "1873"]
[BlackElo "2075"]
[PlyCount "48"]
[EventDate "2003.??.??"]

1. d4 g6 2. c4 Bg7 3. Nc3 d6 4. e4 Nc6 5. Be3 e5 6. dxe5 Nxe5 7. Bd4 Nf6 8.
Bxe5 dxe5 9. Qxd8+ Kxd8 10. Nf3 Re8 11. Be2 c6 12. O-O Kc7 13. Rad1 h6 14. Rd2
Bf8 15. a3 a5 16. Rfd1 Bc5 17. h3 b6 18. g4 Nh7 19. Kg2 Ng5 20. Nxg5 hxg5 21.
Bf1 Be6 22. Rd3 Bd4 23. R3d2 Red8 24. Ne2 Bxb2 0-1

[Event "NSU Open Mesterklassen 2003"]
[Site "Hillerod"]
[Date "2003.01.05"]
[Round "5"]
[White "Erichsen, Dan"]
[Black "Nicolaisen, Erik"]
[Result "1/2-1/2"]
[WhiteElo "2084"]
[BlackElo "1949"]
[PlyCount "47"]
[EventDate "2003.??.??"]

1. d4 d5 2. c4 Nc6 3. Nc3 dxc4 4. e3 e5 5. Nf3 exd4 6. exd4 Bg4 7. Bxc4 Qd7 8.
d5 Bxf3 9. Qxf3 Ne5 10. Qe2 O-O-O 11. O-O Nxc4 12. Qxc4 Nf6 13. Bf4 Ne8 14. a4
Bd6 15. Bxd6 Nxd6 16. Qd4 Kb8 17. b4 Nf5 18. Qc4 Nd6 19. Qc5 Rhe8 20. f3 Re5
21. b5 Nc8 22. Rfd1 Qd6 23. Qf2 Qb6 24. Rd4 1/2-1/2

[Event "NSU Open Mesterklassen 2003"]
[Site "Hillerod"]
[Date "2003.01.05"]
[Round "5"]
[White "Andersen, Jorn B"]
[Black "Danielsen, Heini"]
[Result "0-1"]
[WhiteElo "1975"]
[BlackElo "2116"]
[PlyCount "38"]
[EventDate "2003.??.??"]

1. c4 Nf6 2. Nf3 e6 3. a3 d5 4. cxd5 exd5 5. d3 Bd6 6. Nc3 O-O 7. g3 c6 8. Bg2
Nbd7 9. O-O Re8 10. Nd2 Ne5 11. b4 Bg4 12. h3 d4 13. Nce4 Nxe4 14. dxe4 Be6 15.
f4 Nc4 16. Nxc4 Bxc4 17. Qc2 Ba6 18. Bb2 Qb6 19. e5 d3+ 0-1